Oltre l'omosessualità (Record n. 210392)

Dettagli MARC
000 -LEADER
fixed length control field 01428nam a2200205Ia 4500
001 - CONTROL NUMBER
control field b6633-47598
003 - CONTROL NUMBER IDENTIFIER
control field IT-MiCISF
008 - FIXED-LENGTH DATA ELEMENTS--GENERAL INFORMATION
fixed length control field 161014s9999||||xx |||||||||||||| ||und||
040 ## - CATALOGING SOURCE
Original cataloging agency IT-MiCISF
Transcribing agency IT-MiCISF
041 ## - LANGUAGE CODE
Language code of text/sound track or separate title it
999 ## - SYSTEM CONTROL NUMBERS (KOHA)
Koha Dewey Subclass [OBSOLETE] si
100 ## - MAIN ENTRY--PERSONAL NAME
Personal name Nicolosi Joseph
245 #0 - TITLE STATEMENT
Title Oltre l'omosessualità
Remainder of title Ascolto terapeutico e trasformazione
250 ## - EDITION STATEMENT
Edition statement 1a ed.
260 ## - PUBLICATION, DISTRIBUTION, ETC. (IMPRINT)
Place of publication, distribution, etc. Cinisello Balsamo (MI)
Name of publisher, distributor, etc. San Paolo
Date of publication, distribution, etc. 2007 [Edizione originale: 1993]
300 ## - PHYSICAL DESCRIPTION
Extent pp. 309
500 ## - GENERAL NOTE
General note / omosessualità, identità-maschile, terapia, adolescenza, case-studies / L'A del volume, noto psicoterapeuta americano co-fondatore dell'Associazione nazionale per la ricerca e la terapia sull'omosessualità, ha rivolto il suo lavoro a persone omosessuali che chiedono di entrare in cura per abbandonare questo comportamento. Alla base di questa richiesta risiede un forte conflitto, molto frequente nei maschi che hanno assunto il modello "gay" in modo non riflesso e che nel tempo ha aggravato le ambivalenze invece che migliorarle. Le storie raccontate in questo libro sono espressione, infatti, di situazioni patologiche e di squilibri ambientali. Da qui il nome"terapia riparativa" dove si mette a fuoco il quadro ambientale in cui prende forma un comportamento omosessuale vissuto poi in modo distonico rispetto alle aspirazioni e i desideri.
650 ## - SUBJECT ADDED ENTRY--TOPICAL TERM
Topical term or geographic name as entry element Identità e genere / sessualità
Relator term 003
942 ## - ADDED ENTRY ELEMENTS (KOHA)
Koha item type LIBRO
957 ## -
-- 1
999 ## - SYSTEM CONTROL NUMBERS (KOHA)
-- 1
Dati di copia
Withdrawn status Lost status Damaged status Not for loan Home library Current library Date acquired Total Checkouts Full call number Date last seen Price effective from Koha item type Public note
    Buone Condizioni Not For Loan CISF - Milano CISF - Milano 14/10/2016   b6633-47598 14/10/2016 14/10/2016 LIBRO Data import 15.10.2016 / by Epidotti, Vaglietti
CREDITS: SOCIETA' SAN PAOLO Via A.Severo, 58 - ROMA (RM) & PERIODICI SAN PAOLO SRL Via Giotto, 36 MILANO & CISF Via Giotto, 36 MILANO & EDIZIONI SAN PAOLO SRL,  Piazza Soncino, 5 CINISELLO BALSAMO (MI) -- ITALY